Proyecto de Código judicial para el Ejército
Na minha lista:
| Autor principal: | |
|---|---|
| Formato: | Livro |
| Idioma: | espanhol |
| Publicado em: |
Santiago
Imprenta Nacional
1894
|
| Assuntos: | |
| Tags: |
Adicionar Tag
Sem tags, seja o primeiro a adicionar uma tag!
|
MARC
| LEADER | 00000cam a2200000 a 4500 | ||
|---|---|---|---|
| 001 | UCF8847 | ||
| 003 | CL-VaPUC | ||
| 008 | 131011e18940000cl |||||||||||||||||spa|d | ||
| 082 | 0 | 4 | |a 343.8301026 |b KON |2 21 |
| 100 | |a König, Abraham |e author |9 570965 | ||
| 245 | 1 | 0 | |a Proyecto de Código judicial para el Ejército |
| 300 | |a 127 p | ||
| 942 | |c BK | ||
| 945 | |d 20131011 10:45:00 |a cmena | ||
| 260 | |a Santiago |b Imprenta Nacional |c 1894 | ||
| 650 | 0 | |a Código de justicia militar |9 371893 | |
| 650 | 0 | |a Derecho militar |9 255065 | |
| 650 | 0 | |a Jurisprudencia |9 255952 | |
| 583 | |a last modification |c 20131011 10:45:00 |k Rodrigo Vera | ||
| 999 | |c 353378 |d 353376 | ||
| 952 | |0 0 |1 0 |2 ddc |3 erd |4 0 |5 1 |6 343_830102600000000_KON_1894 |7 1 |8 C_LRYV |9 458532 |a FDOBRV |b BIBDER |d 2019-11-23 |i 5020271 |o 343.8301026 KON 1894 |p 5020271 |r 2023-01-25 |w 2019-11-23 |y BK_X |z Catalogado en:20131011 |k BRV | ||